| 000 | 00502nam a22001817a 4500 | ||
|---|---|---|---|
| 003 | LK-CoMWRAF | ||
| 005 | 20231120155023.0 | ||
| 008 | 231120b |||||||| |||| 00| 0 eng d | ||
| 040 |
_aLK-CoMWRAF _dLK-CoMWRAF _eLK-CoMWRAF |
||
| 041 | _aeng | ||
| 082 |
_a894.811 _bLUT |
||
| 245 |
_aLutesong and Lament : _bTamil writings from Sri Lanka |
||
| 260 |
_aCanada : _bTSAR publications _c2001 |
||
| 300 | _a170p. ; 22cm | ||
| 650 | _aTamil Literature | ||
| 700 |
_aKanaganayakam, Chelva _eed. |
||
| 942 | _cBK | ||
| 999 |
_c4177 _d4177 |
||